[Event "Foxwoods Open"]
[Site "Mashantucket, CT"]
[Date "2014.01.26"]
[Round "8.2"]
[White "Macieja, Bartlomiej"]
[Black "Perelshteyn, Eugene"]
[Result "1-0"]
[WhiteElo "2583"]
[BlackElo "2499"]
[PlyCount "85"]
[EventDate "2014.01.??"]
[EventType "swiss"]
[EventRounds "9"]
[EventCountry "USA"]
[Source "MonRoi"]
[WhiteClock "0:22:07"]
[BlackClock "0:24:43"]

1. e4 e5 2. Nf3 Nc6 3. Bb5 a6 4. Ba4 Nf6 5. O-O b5 6. Bb3 Bc5 7. a4 Rb8 8. c3
d6 9. d4 Bb6 10. a5 Ba7 11. Be3 Bg4 12. Nbd2 O-O 13. h3 Bh5 14. dxe5 Bxe3 15.
exf6 Ba7 16. Bd5 Ne5 17. fxg7 Kxg7 18. Nxe5 Bxd1 19. Nc6 Qf6 20. Raxd1 Ra8 21.
Nf3 Kh8 22. Rd3 Rg8 23. Ne1 Rg7 24. Rf3 Qh6 25. Ne7 Rf8 26. Nf5 Qd2 27. Nxg7
Kxg7 28. Nd3 c5 29. Nf4 c4 30. Nh5+ Kh8 31. Nf6 Qxb2 32. Nd7 Rd8 33. Rxf7 Rxd7
34. Rxd7 Bc5 35. e5 dxe5 36. Rc7 Qxc3 37. Rxc5 Qxa5 38. Be4 Qd2 39. Rd5 Qe2 40.
Bf3 Qb2 41. Rd7 c3 42. Rc7 e4 43. Rd1 1-0

[Event "Foxwoods Open"]
[Site "Mashantucket, CT"]
[Date "2014.01.26"]
[Round "8.3"]
[White "Corrales Jimenez, Fidel"]
[Black "Kekelidze, Mikheil"]
[Result "1-0"]
[WhiteElo "2568"]
[BlackElo "2462"]
[PlyCount "75"]
[EventDate "2014.01.??"]
[EventType "swiss"]
[EventRounds "9"]
[EventCountry "USA"]
[Source "MonRoi"]
[WhiteClock "1:24:51"]
[BlackClock "1:20:08"]

1. e4 c5 2. Nf3 e6 3. d4 cxd4 4. Nxd4 a6 5. Bd3 Nc6 6. Nxc6 dxc6 7. O-O e5 8.
Nd2 Ne7 9. Nc4 Ng6 10. Be3 Be6 11. Nb6 Rb8 12. a4 Bd6 13. a5 O-O 14. Bc4 Qe7
15. Bxe6 Qxe6 16. h3 Nf4 17. Qg4 h5 18. Qxe6 Nxe6 19. Nd7 Rbd8 20. Nxf8 Kxf8
21. Bb6 Rd7 22. Rfd1 Ke7 23. Rd2 Bc5 24. Rxd7+ Kxd7 25. Bxc5 Nxc5 26. f3 h4 27.
Kf2 Ne6 28. Rd1+ Ke7 29. Rd3 Nd4 30. f4 Nxc2 31. Rb3 exf4 32. Rxb7+ Kd6 33.
Rxf7 Nb4 34. Ke2 Ke5 35. Rxg7 Kxe4 36. Re7+ Kd4 37. Rh7 Kc4 38. Rxh4 1-0

[Event "Foxwoods Open"]
[Site "Mashantucket, CT"]
[Date "2014.01.26"]
[Round "8.6"]
[White "Mikhalevski, Victor"]
[Black "Chandra, Akshat"]
[Result "1-0"]
[WhiteElo "2551"]
[BlackElo "2341"]
[PlyCount "75"]
[EventDate "2014.01.??"]
[EventType "swiss"]
[EventRounds "9"]
[EventCountry "USA"]
[Source "MonRoi"]

1. c4 Nf6 2. Nc3 d5 3. cxd5 Nxd5 4. Nf3 g6 5. Qb3 Nb6 6. d4 Bg7 7. e4 O-O 8.
Be3 Bg4 9. Rd1 N8d7 10. Be2 Bxf3 11. Bxf3 e5 12. dxe5 Qe7 13. O-O Qxe5 14. Be2
Rfd8 15. f4 Qe7 16. e5 Qe6 17. Nb5 Qxb3 18. axb3 c6 19. Nd6 Nd5 20. Bd4 c5 21.
Bc4 N7b6 22. Bxc5 Nxc4 23. bxc4 Nc7 24. Ne4 Rdc8 25. Be3 Ne6 26. b3 b6 27. Rd7
Rd8 28. Rfd1 Rxd7 29. Rxd7 Rd8 30. Rxa7 Rd3 31. Bxb6 Rxb3 32. Ra8+ Bf8 33. Bc5
Nxc5 34. Nxc5 Rb1+ 35. Kf2 Kg7 36. Nd7 Bb4 37. Rb8 Bc5+ 38. Kg3 1-0

[Event "Foxwoods Open"]
[Site "Mashantucket, CT"]
[Date "2014.01.26"]
[Round "8.7"]
[White "Englert, Fabian"]
[Black "Sarkar, Justin"]
[Result "1/2-1/2"]
[WhiteElo "2316"]
[BlackElo "2425"]
[PlyCount "27"]
[EventDate "2014.01.??"]
[EventType "swiss"]
[EventRounds "9"]
[EventCountry "USA"]
[Source "MonRoi"]

1. e4 c5 2. Nc3 Nc6 3. Nf3 g6 4. d4 cxd4 5. Nxd4 Bg7 6. Nb3 d6 7. Be2 Bd7 8.
O-O Bxc3 9. bxc3 Nf6 10. Bh6 Qc7 11. Bg7 Rg8 12. Bxf6 exf6 13. Nd4 Na5 14. Rb1
1/2-1/2

[Event "Foxwoods Open"]
[Site "Mashantucket, CT"]
[Date "2014.01.26"]
[Round "8.8"]
[White "Shmelov, Denys"]
[Black "Gu, Christopher"]
[Result "1-0"]
[WhiteElo "2417"]
[BlackElo "2290"]
[PlyCount "79"]
[EventDate "2014.01.??"]
[EventType "swiss"]
[EventRounds "9"]
[EventCountry "USA"]
[Source "MonRoi"]

1. d4 d5 2. c4 c6 3. Nf3 Nf6 4. Nc3 a6 5. c5 g6 6. Bf4 Bg7 7. h3 Bf5 8. e3 Nbd7
9. Be2 Be4 10. O-O Bxf3 11. Bxf3 O-O 12. Re1 Re8 13. Qb3 Ra7 14. Rad1 e5 15.
Bg3 exd4 16. exd4 Rxe1+ 17. Rxe1 Nf8 18. Na4 N6d7 19. Qb4 a5 20. Qd2 h5 21. Bf4
Ne6 22. Be3 f5 23. Bh6 Qf6 24. Bxg7 Kxg7 25. Qe3 Kf7 26. Nc3 Ndf8 27. Nxd5 cxd5
28. Bxd5 Ra8 29. Bxb7 Re8 30. d5 Nc7 31. Qd2 Rxe1+ 32. Qxe1 Qxb2 33. d6 Nce6
34. c6 Nc5 35. c7 Qxb7 36. Qe7+ Kg8 37. Qe8 Qb1+ 38. Kh2 Qc1 39. Qe3 Qd1 40.
Qxc5 1-0

[Event "Foxwoods Open"]
[Site "Mashantucket, CT"]
[Date "2014.01.26"]
[Round "8.9"]
[White "Vibbert, Sean"]
[Black "Coleman, Teddy"]
[Result "1-0"]
[WhiteElo "2333"]
[BlackElo "2393"]
[PlyCount "95"]
[EventDate "2014.01.??"]
[EventType "swiss"]
[EventRounds "9"]
[EventCountry "USA"]
[Source "MonRoi"]

1. e4 c5 2. Nc3 e6 3. g3 Nc6 4. Bg2 a6 5. d3 b5 6. Nf3 Bb7 7. O-O d6 8. Bg5 Be7
9. Bxe7 Ngxe7 10. Ne2 e5 11. Nh4 Qb6 12. c3 O-O 13. f4 Rad8 14. f5 c4+ 15. Kh1
f6 16. dxc4 bxc4 17. g4 Na5 18. Ng3 d5 19. Qe2 dxe4 20. Bxe4 Rd3 21. Ng2 Bxe4
22. Nxe4 Rb8 23. b4 Nac6 24. Ne1 Qe3 25. Rf2 Rxc3 26. Nxc3 Qxc3 27. Rb1 Nd4 28.
Qe4 Rxb4 29. Rxb4 Qxb4 30. Kg2 c3 31. g5 Qd6 32. gxf6 Qxf6 33. Kf1 Nexf5 34.
Qd5+ Kf8 35. Qc5+ Kf7 36. Qxc3 e4 37. Ng2 g6 38. Qc7+ Kg8 39. Qc8+ Kg7 40. Qb7+
Kh6 41. Qxe4 Qb6 42. Ne3 Qb5+ 43. Kg2 Kg7 44. Ng4 Qb4 45. Qe5+ Kg8 46. Nf6+ Kf7
47. Nd5 Qa3 48. Qxd4 1-0

[Event "Foxwoods Open"]
[Site "Mashantucket, CT"]
[Date "2014.01.26"]
[Round "8.10"]
[White "Liang, Awonder"]
[Black "Bonin, Jay"]
[Result "1-0"]
[WhiteElo "2248"]
[BlackElo "2303"]
[PlyCount "51"]
[EventDate "2014.01.??"]
[EventType "swiss"]
[EventRounds "9"]
[EventCountry "USA"]
[Source "MonRoi"]

1. e4 c5 2. Nf3 Nc6 3. Bb5 g6 4. Bxc6 dxc6 5. d3 Bg4 6. h3 Bxf3 7. Qxf3 Bg7 8.
O-O Nf6 9. Nc3 O-O 10. Be3 Nd7 11. Qd1 e5 12. Qd2 Qe7 13. Bh6 Rad8 14. Bxg7
Kxg7 15. b3 Rfe8 16. f4 exf4 17. Rxf4 Ne5 18. Raf1 Rd6 19. Qf2 b6 20. Nd1 Kh8
21. Ne3 f5 22. Nc4 Nxc4 23. bxc4 fxe4 24. Rf7 Qe6 25. Rf8+ Kg7 26. Qf7+ 1-0

[Event "Foxwoods Open"]
[Site "Mashantucket, CT"]
[Date "2014.01.26"]
[Round "8.11"]
[White "Goldenberg, Ryan"]
[Black "Yanayt, Eugene"]
[Result "0-1"]
[WhiteElo "2303"]
[BlackElo "2222"]
[PlyCount "84"]
[EventDate "2014.01.??"]
[EventType "swiss"]
[EventRounds "9"]
[EventCountry "USA"]
[Source "MonRoi"]

1. e4 c5 2. Nf3 d6 3. d4 cxd4 4. Nxd4 Nf6 5. Nc3 a6 6. Be3 e5 7. Nf3 Be7 8. Bc4
Qc7 9. Bb3 Be6 10. O-O O-O 11. Nh4 g6 12. Bh6 Re8 13. Qd2 Ng4 14. Bg5 Bxg5 15.
Qxg5 Qd8 16. Nf3 Qxg5 17. Nxg5 Nc6 18. Nd5 Bxd5 19. Bxd5 Re7 20. Rad1 Rd8 21.
Rd3 Nb4 22. Bxf7+ Rxf7 23. Nxf7 Kxf7 24. Rb3 Nxc2 25. Rxb7+ Ke6 26. Rc1 Rc8 27.
h3 Nf6 28. f3 Nh5 29. Kh2 Nf4 30. Rxh7 Ne2 31. Rf1 Ne3 32. Rf2 Rc2 33. Rg7 Kf6
34. Ra7 Nd1 35. Rf1 Rd2 36. Rxa6 Nf4 37. Rxd1 Rxd1 38. g3 Rd2+ 39. Kg1 Nxh3+
40. Kf1 Ng5 41. f4 exf4 42. gxf4 Nxe4 0-1

[Event "Foxwoods Open"]
[Site "Mashantucket, CT"]
[Date "2014.01.26"]
[Round "8.12"]
[White "Tang, Andrew"]
[Black "Hasan, Mehdi"]
[Result "1-0"]
[WhiteElo "2222"]
[BlackElo "2285"]
[PlyCount "64"]
[EventDate "2014.01.??"]
[EventType "swiss"]
[EventRounds "9"]
[EventCountry "USA"]
[Source "MonRoi"]

1. d4 d5 2. c4 e6 3. Nc3 Bb4 4. Qc2 Nf6 5. cxd5 exd5 6. Bg5 Nbd7 7. e3 O-O 8.
Bd3 h6 9. Bh4 c5 10. Nf3 c4 11. Bf5 Re8 12. O-O Qa5 13. Nd2 g5 14. Bg3 Nf8 15.
Nf3 Bxc3 16. bxc3 Qa6 17. Bxc8 Raxc8 18. Ne5 Ne4 19. f3 Nxg3 20. hxg3 Ng6 21.
Ng4 Kg7 22. e4 f6 23. Ne3 Ne7 24. Rae1 Qd6 25. g4 Rh8 26. Nxd5 h5 27. Nxe7 Qxe7
28. e5 Rcf8 29. Qf5 fxe5 30. Qxe5+ Qf6 31. Qd5 Rf7 32. Re5 Kg6 1-0

[Event "Foxwoods Open"]
[Site "Mashantucket, CT"]
[Date "2014.01.26"]
[Round "8.13"]
[White "Tanenbaum, Zachary"]
[Black "Katz, Alexander R"]
[Result "0-1"]
[WhiteElo "1927"]
[BlackElo "2256"]
[PlyCount "92"]
[EventDate "2014.01.??"]
[EventType "swiss"]
[EventRounds "9"]
[EventCountry "USA"]
[Source "MonRoi"]

1. e4 d6 2. d4 g6 3. Nc3 Bg7 4. Nf3 Nf6 5. Bc4 O-O 6. O-O c6 7. Bb3 Nfd7 8. Bg5
h6 9. Bh4 Re8 10. Qe2 Qa5 11. Qc4 e6 12. Bg3 b5 13. Qd3 Ba6 14. Qe3 e5 15. dxe5
dxe5 16. Nd2 Qb6 17. Qf3 Bf6 18. Bh4 Kg7 19. Nd1 Qd8 20. Ne3 Qe7 21. Qg4 Kh7
22. Bxf6 Nxf6 23. Qh4 Nbd7 24. Rad1 Nc5 25. c3 Nfxe4 26. Qh3 Ng5 27. Qh4 Bc8
28. Ng4 h5 29. Ne3 Nh3+ 30. Qxh3 Bxh3 31. gxh3 Nd3 32. Ne4 Rad8 33. Bc2 Nf4 34.
Ng3 Rxd1 35. Rxd1 Rd8 36. Re1 Nxh3+ 37. Kf1 Nf4 38. Be4 Qh4 39. Kg1 Rd2 40. Rf1
Nh3+ 41. Kg2 Nf4+ 42. Kh1 Nd3 43. Kg2 Qf4 44. Nd1 h4 45. Bxd3 Rxd3 46. Rh1 Qf3+
0-1

[Event "Foxwoods Open"]
[Site "Mashantucket, CT"]
[Date "2014.01.26"]
[Round "8.14"]
[White "Juac, Majur"]
[Black "Lastra, Ricardo"]
[Result "1-0"]
[WhiteElo "2100"]
[BlackElo "2176"]
[PlyCount "61"]
[EventDate "2014.01.??"]
[EventType "swiss"]
[EventRounds "9"]
[EventCountry "USA"]
[Source "MonRoi"]

1. e4 d6 2. d4 Nf6 3. Nc3 e5 4. Nf3 exd4 5. Nxd4 Be7 6. Be2 O-O 7. g4 d5 8. e5
Ne4 9. Qd3 Bb4 10. h4 c5 11. Nf5 Nd7 12. f4 Re8 13. a3 Bxc3+ 14. bxc3 Nb6 15.
Ng3 Bd7 16. Nxe4 dxe4 17. Qg3 Qe7 18. g5 Kh8 19. Bd2 Ba4 20. Rc1 Rad8 21. c4
Qe6 22. Bc3 Nxc4 23. f5 Qa6 24. h5 Kg8 25. g6 fxg6 26. hxg6 hxg6 27. e6 Rxe6
28. fxe6 Qxe6 29. Qh4 Rd4 30. Bxd4 cxd4 31. Qd8+ 1-0

[Event "Foxwoods Open"]
[Site "Mashantucket, CT"]
[Date "2014.01.26"]
[Round "9.3"]
[White "Sevian, Samuel"]
[Black "Stripunsky, Alexander"]
[Result "1-0"]
[WhiteElo "2401"]
[BlackElo "2549"]
[PlyCount "117"]
[EventDate "2014.01.??"]
[EventType "swiss"]
[EventRounds "9"]
[EventCountry "USA"]
[Source "MonRoi"]
[WhiteClock "0:16:30"]
[BlackClock "0:28:34"]

1. e4 c5 2. Nf3 e6 3. d4 cxd4 4. Nxd4 a6 5. Bd3 g6 6. O-O Bg7 7. Nf3 Nc6 8. c4
Nge7 9. Nc3 O-O 10. Qb3 d5 11. cxd5 exd5 12. exd5 Na5 13. Qa3 Nxd5 14. Bg5 f6
15. Rad1 Nxc3 16. Qxc3 Be6 17. Bf5 Qc8 18. Bxe6+ Qxe6 19. Qxa5 fxg5 20. Nxg5
Qf5 21. Rd5 Qf6 22. b3 Rac8 23. Nf3 Qf4 24. Rd2 Qe4 25. Qb6 Qc6 26. Qxc6 Rxc6
27. Rfd1 b5 28. Kf1 Re8 29. Rd6 Rec8 30. g4 Rxd6 31. Rxd6 a5 32. Rd5 Rb8 33.
Ke2 a4 34. Nd4 Rc8 35. Nxb5 axb3 36. axb3 Rc2+ 37. Rd2 Rc8 38. Na3 Re8+ 39. Kf3
h5 40. h3 hxg4+ 41. hxg4 Bf8 42. Nc2 Rc8 43. Ne3 Rc3 44. Rb2 Bb4 45. Ke4 Rc8
46. Nd5 Ba3 47. Ra2 Bf8 48. f4 Re8+ 49. Kf3 Rb8 50. Rb2 Bg7 51. Rb1 Rb5 52. Ke4
Kf7 53. b4 Rb8 54. b5 Re8+ 55. Kf3 Rd8 56. b6 Bd4 57. b7 Ba7 58. Nb4 Rd6 59.
Rd1 1-0

[Event "Foxwoods Open"]
[Site "Mashantucket, CT"]
[Date "2014.01.26"]
[Round "9.4"]
[White "Perelshteyn, Eugene"]
[Black "Mikhalevski, Victor"]
[Result "1-0"]
[WhiteElo "2499"]
[BlackElo "2551"]
[PlyCount "53"]
[EventDate "2014.01.??"]
[EventType "swiss"]
[EventRounds "9"]
[EventCountry "USA"]
[Source "MonRoi"]

1. d4 Nf6 2. Nf3 d5 3. c4 e6 4. Bg5 Bb4+ 5. Nbd2 dxc4 6. Qc2 b5 7. a4 c6 8. g3
h6 9. Bxf6 gxf6 10. Bg2 a5 11. O-O Ra7 12. Ne4 O-O 13. Rfd1 Nd7 14. g4 Nb6 15.
axb5 cxb5 16. Ng3 Re8 17. Nh5 Bf8 18. Ne5 Bg7 19. Nc6 Qd7 20. Nxa7 Qxa7 21. Qd2
a4 22. Ra3 Rd8 23. Rh3 e5 24. Nxg7 Rxd4 25. Qxh6 Rxd1+ 26. Bf1 Kf8 27. Qxf6 1-0

[Event "Foxwoods Open"]
[Site "Mashantucket, CT"]
[Date "2014.01.26"]
[Round "9.5"]
[White "Vibbert, Sean"]
[Black "Hungaski, Robert"]
[Result "1/2-1/2"]
[WhiteElo "2333"]
[BlackElo "2462"]
[PlyCount "57"]
[EventDate "2014.01.??"]
[EventType "swiss"]
[EventRounds "9"]
[EventCountry "USA"]
[Source "MonRoi"]

1. e4 d6 2. d4 Nf6 3. Nc3 e5 4. Nf3 Nbd7 5. Bc4 Be7 6. O-O O-O 7. dxe5 dxe5 8.
Qe2 c6 9. a3 Qc7 10. Nh4 b5 11. Ba2 Nc5 12. Nf5 Be6 13. f4 Bxf5 14. exf5 Bd6
15. g4 exf4 16. g5 Rae8 17. Qf3 Nfe4 18. Nxe4 Nxe4 19. g6 Kh8 20. Bxf7 Ng5 21.
Qh5 Bc5+ 22. Kg2 Qe7 23. Be6 Rxf5 24. Bxf5 f3+ 25. Kg3 Qe2 26. Bxg5 Qg2+ 27.
Kh4 Qxh2+ 28. Kg4 Qg2+ 29. Kh4 1/2-1/2

[Event "Foxwoods Open"]
[Site "Mashantucket, CT"]
[Date "2014.01.26"]
[Round "9.6"]
[White "Sarkar, Justin"]
[Black "Yanayt, Eugene"]
[Result "1-0"]
[WhiteElo "2425"]
[BlackElo "2222"]
[PlyCount "64"]
[EventDate "2014.01.??"]
[EventType "swiss"]
[EventRounds "9"]
[EventCountry "USA"]
[Source "MonRoi"]

1. d4 Nf6 2. c4 g6 3. Nc3 Bg7 4. e4 d6 5. f3 O-O 6. Be3 c5 7. Nge2 Nc6 8. d5
Ne5 9. Ng3 h5 10. Be2 e6 11. O-O exd5 12. cxd5 a6 13. a4 Nh7 14. Qd2 h4 15. Nh1
f5 16. Nf2 Qc7 17. exf5 gxf5 18. Nh3 Qf7 19. Kh1 Kh8 20. Rab1 Ng6 21. f4 Ne7
22. Bf2 Bxc3 23. Qxc3+ Nf6 24. Ng5 Qg7 25. Bxh4 Nexd5 26. Qd2 Bd7 27. Rf3 Rae8
28. Rh3 Nxf4 29. Qxf4 Rxe2 30. Qc4 Qe7 31. Ne4 d5 32. Bxf6+ Kg8 1-0

[Event "Foxwoods Open"]
[Site "Mashantucket, CT"]
[Date "2014.01.26"]
[Round "9.7"]
[White "Shmelov, Denys"]
[Black "Englert, Fabian"]
[Result "1-0"]
[WhiteElo "2417"]
[BlackElo "2316"]
[PlyCount "111"]
[EventDate "2014.01.??"]
[EventType "swiss"]
[EventRounds "9"]
[EventCountry "USA"]
[Source "MonRoi"]

1. d4 Nf6 2. c4 c5 3. d5 e6 4. Nc3 exd5 5. cxd5 Bd6 6. g3 O-O 7. Bg2 Re8 8. Nf3
Bf8 9. O-O d6 10. Nd2 Na6 11. Nc4 Rb8 12. a4 Nb4 13. e4 b6 14. Re1 Ba6 15. b3
g6 16. Bf4 Bxc4 17. bxc4 a6 18. Rc1 Nd7 19. Be3 Bg7 20. f4 f5 21. Bf2 Nf6 22.
e5 Ng4 23. e6 Nxf2 24. Kxf2 Qf6 25. Re3 Kf8 26. Qe2 Ke7 27. Kg1 Qf8 28. Kh1 Bd4
29. Rf3 Qg7 30. Nb1 Rg8 31. Nd2 Na2 32. Re1 Nc3 33. Qd3 Nxa4 34. Nb3 Nb2 35.
Qc2 Bf6 36. Rb1 a5 37. Nd2 a4 38. Ra3 Ra8 39. Ra2 a3 40. Qb3 Qf8 41. Rxa3 Rxa3
42. Qxa3 Qa8 43. Ra1 Qb7 44. Bf3 Rb8 45. Ra2 b5 46. Rxb2 b4 47. Qb3 Bxb2 48.
Qxb2 Rg8 49. g4 fxg4 50. Ne4 Kd8 51. Nxd6 Qe7 52. Nf7+ Ke8 53. Qe5 Kf8 54. d6
Qh4 55. e7+ Ke8 56. Bc6+ 1-0

[Event "Foxwoods Open"]
[Site "Mashantucket, CT"]
[Date "2014.01.26"]
[Round "9.8"]
[White "Liang, Awonder"]
[Black "Mandizha, Farai"]
[Result "0-1"]
[WhiteElo "2248"]
[BlackElo "2379"]
[PlyCount "124"]
[EventDate "2014.01.??"]
[EventType "swiss"]
[EventRounds "9"]
[EventCountry "USA"]
[Source "MonRoi"]

1. e4 c5 2. Nf3 a6 3. c3 e6 4. d4 d5 5. exd5 exd5 6. Bd3 c4 7. Bc2 Bd6 8. O-O
Ne7 9. b3 cxb3 10. axb3 O-O 11. Bg5 f6 12. Bh4 Bf5 13. Bg3 Nbc6 14. Na3 Rc8 15.
Bxd6 Qxd6 16. Bxf5 Nxf5 17. Qd3 Nce7 18. Rfe1 Rfe8 19. Nc2 Qc6 20. Ne3 Nd6 21.
Rac1 b5 22. Nd2 Ng6 23. g3 a5 24. Qf1 a4 25. Qg2 Ne7 26. bxa4 bxa4 27. c4 Kf8
28. Qh3 h6 29. Qf1 dxc4 30. Ndxc4 Ne4 31. h4 Qa6 32. Ra1 Red8 33. Qd3 Nd6 34.
Qa3 Rxc4 35. Nxc4 Qxc4 36. Qxa4 Qxa4 37. Rxa4 Nb5 38. Kg2 Nxd4 39. Rea1 Rd6 40.
Ra7 Ndc6 41. R7a6 Rd5 42. Rc1 Rd6 43. Rc3 Ke8 44. Rc4 h5 45. Ra8+ Kd7 46. Rc5
g6 47. Ra3 Rd2 48. Rac3 Nd4 49. Ra5 Kd6 50. Ra8 Nd5 51. Rca3 Nc2 52. R3a6+ Ke5
53. Re8+ Kd4 54. Kf3 g5 55. hxg5 fxg5 56. Re4+ Kd3 57. Rae6 Nd4+ 58. Rxd4+ Kxd4
59. Re4+ Kd3 60. Re5 g4+ 61. Kg2 Nf6 62. Rf5 Ne4 0-1

[Event "Foxwoods Open"]
[Site "Mashantucket, CT"]
[Date "2014.01.26"]
[Round "9.9"]
[White "Chandra, Akshat"]
[Black "Bonin, Jay"]
[Result "1-0"]
[WhiteElo "2341"]
[BlackElo "2303"]
[PlyCount "79"]
[EventDate "2014.01.??"]
[EventType "swiss"]
[EventRounds "9"]
[EventCountry "USA"]
[Source "MonRoi"]

1. e4 c6 2. d4 d5 3. Nc3 a6 4. Nf3 Bg4 5. h3 Bh5 6. g4 Bg6 7. Bd3 e6 8. Qe2 Nf6
9. Bg5 Be7 10. Bxf6 Bxf6 11. O-O-O Qa5 12. h4 Nd7 13. Kb1 O-O-O 14. g5 Be7 15.
h5 Bxe4 16. Bxe4 dxe4 17. Nxe4 Rhe8 18. c4 f5 19. Ned2 Bd6 20. c5 Bf4 21. Nc4
Qc7 22. Nfe5 Re7 23. Nxd7 Kxd7 24. Nb6+ Ke8 25. g6 h6 26. Qc4 Kf8 27. Rhe1 e5
28. d5 cxd5 29. Nxd5 Red7 30. Nxc7 Rxd1+ 31. Kc2 R1d2+ 32. Kc3 R8d3+ 33. Qxd3
Rxd3+ 34. Kxd3 e4+ 35. Kc4 Bxc7 36. Kd5 Ke7 37. f3 Kf6 38. fxe4 Be5 39. exf5
Bxb2 40. Rb1 1-0

[Event "Foxwoods Open"]
[Site "Mashantucket, CT"]
[Date "2014.01.26"]
[Round "9.10"]
[White "Katz, Alexander R"]
[Black "Tang, Andrew"]
[Result "0-1"]
[WhiteElo "2256"]
[BlackElo "2222"]
[PlyCount "83"]
[EventDate "2014.01.??"]
[EventType "swiss"]
[EventRounds "9"]
[EventCountry "USA"]
[Source "MonRoi"]

1. e4 e5 2. Nf3 Nc6 3. Bc4 Bc5 4. O-O Nf6 5. d4 Bxd4 6. Nxd4 Nxd4 7. f4 d6 8.
fxe5 dxe5 9. Bg5 Qe7 10. Na3 Rg8 11. c3 Ne6 12. Bxf6 gxf6 13. Kh1 Nf4 14. g3
Bh3 15. Rf2 Ne6 16. Bf1 Bxf1 17. Qxf1 Rg6 18. Rd1 Rd8 19. Rxd8+ Qxd8 20. Nc4
Nc5 21. Rd2 Qc8 22. Re2 Qe6 23. Nd2 Qxa2 24. Nf3 Qc4 25. Nd2 Qd3 26. Qe1 h5 27.
Re3 Qc2 28. b4 Nd3 29. Qe2 Nc1 30. Qf2 h4 31. Rf3 hxg3 32. hxg3 Qd1+ 33. Nf1
Rh6+ 34. Kg1 b6 35. Qe3 Rg6 36. Rf2 Nb3 37. Kg2 Ke7 38. Nd2 Nxd2 39. Rxd2 Qa4
40. Qd3 Qe8 41. c4 Qc8 42. c5 0-1

[Event "Foxwoods Open"]
[Site "Mashantucket, CT"]
[Date "2014.01.26"]
[Round "9.11"]
[White "Hasan, Mehdi"]
[Black "Tanenbaum, Zachary"]
[Result "0-1"]
[WhiteElo "2285"]
[BlackElo "1927"]
[PlyCount "60"]
[EventDate "2014.01.??"]
[EventType "swiss"]
[EventRounds "9"]
[EventCountry "USA"]
[Source "MonRoi"]

1. d4 d5 2. c4 Bf5 3. e3 e6 4. Nc3 c6 5. Nf3 Nd7 6. Bd3 Bg6 7. O-O Ngf6 8. Ne5
Nxe5 9. dxe5 Nd7 10. f4 Bc5 11. cxd5 Bxd3 12. Qxd3 cxd5 13. Rf3 O-O 14. Rh3 g6
15. Bd2 Nb6 16. Nb5 Nc4 17. b4 Nxd2 18. Qxd2 Be7 19. Rb1 Qb6 20. Nd4 Rac8 21.
g4 Rc4 22. a3 f6 23. f5 fxe5 24. Nxe6 Rxg4+ 25. Kh1 d4 26. exd4 Rxf5 27. d5 Qb5
28. Rd3 Qc4 29. Qe3 Qc2 30. Rg1 Rf1 0-1